Thinkertoys <a> handbook of creative-thinking techniques
Salvato in:
| Autore principale: | |
|---|---|
| Natura: | Libro |
| Lingua: | inglese |
| Pubblicazione: |
Berkeley
Ten Speed Press
2006
|
| Edizione: | 2nd ed. |
| Soggetti: | |
| Tags: |
Nessun Tag, puoi essere il primo ad aggiungerne!!
|
MARC
| LEADER | 00000nam a2200000 4500 | ||
|---|---|---|---|
| 001 | 0144603 | ||
| 005 | 20240306140028.1 | ||
| 020 | |a 978-1-58008-773-5 | ||
| 041 | 0 | |a eng | |
| 044 | |a US | ||
| 245 | 1 | 0 | |a Thinkertoys |b <a> handbook of creative-thinking techniques |c Michael Michalko |
| 250 | |a 2nd ed. | ||
| 264 | 1 | |a Berkeley |b Ten Speed Press |c 2006 | |
| 300 | |a xx, 394 s. | ||
| 610 | 2 | 0 | |a kreativita |
| 610 | 2 | 0 | |a podnikanie |
| 610 | 2 | 0 | |a hry ekonomické |
| 100 | 1 | |a Michalko, Michael | |